| Tag |
First Indicator |
Second Indicator |
Subfields |
| LEADER |
00000cam a2200000 a 4500 |
| 001 |
in00000018692 |
| 005 |
20151007054032.0 |
| 008 |
870629s1988 ilua b 00000 eng |
| 010 |
|
|
|a 87019033
|
| 020 |
|
|
|a 0226852288 :
|c $45.00
|
| 020 |
|
|
|a 0226852296 (pbk.) :
|c $16.95
|
| 035 |
|
|
|a (OCoLC)16226032
|
| 035 |
|
|
|9 AAB3763AM
|
| 040 |
|
|
|a DLC
|c DLC
|d TXA
|d UtOrBLW
|
| 049 |
|
|
|a TXAM
|c [A11494112]
|
| 050 |
0 |
0 |
|a PR5485
|b .D7 1988
|
| 082 |
0 |
|
|a 823/.8
|2 19
|
| 245 |
0 |
0 |
|a Dr. Jekyll and Mr. Hyde :
|b after one hundred years /
|c edited by William Veeder and Gordon Hirsch.
|
| 264 |
|
1 |
|a Chicago :
|b University of Chicago Press,
|c 1988.
|
| 300 |
|
|
|a xx, 312 pages :
|b illustrations ;
|c 24 cm.
|
| 336 |
|
|
|a text
|b txt
|2 rdacontent
|
| 337 |
|
|
|a unmediated
|b n
|2 rdamedia
|
| 338 |
|
|
|a volume
|b nc
|2 rdacarrier
|
| 504 |
|
|
|a Bibliography: pages 309-312.
|
| 600 |
1 |
0 |
|a Stevenson, Robert Louis,
|d 1850-1894.
|t Strange case of Dr. Jekyll and Mr. Hyde.
|
| 700 |
1 |
|
|a Veeder, William R.
|
| 700 |
1 |
|
|a Hirsch, Gordon.
|
| 999 |
|
|
|a MARS
|
| 999 |
f |
f |
|s 67a2ba79-f165-3a6f-950d-08178254b39f
|i cc2bdccd-3610-3347-ac29-f26a756418bd
|t 0
|
| 952 |
f |
f |
|p normal
|a Texas A&M University
|b College Station
|c Sterling C. Evans Library
|d Evans: Library Stacks
|t 0
|e PR5485 .D7 1988
|h Library of Congress classification
|i unmediated -- volume
|m A14811494112
|
| 998 |
f |
f |
|a PR5485 .D7 1988
|t 0
|l Evans: Library Stacks
|